000 00256nam a2200097Ia 4500
008 240331s9999 xx 000 0 und d
082 _bABE
100 _aAbeysekera, Sunila
245 0 _aWomen's human rights :
_bquestions of equality and difference
942 _cL
999 _c2463
_d2463